| 000 | 00586nam a22002057a 4500 | ||
|---|---|---|---|
| 005 | 20250310054519.0 | ||
| 008 | 250310b |||||||| |||| 00| 0 eng d | ||
| 020 | _a9789358490510 | ||
| 040 |
_aIN-DiNC _cIN-DiNC |
||
| 041 | _dasm | ||
| 082 |
_a491.451 _bASA |
||
| 245 |
_aAsamiya bhasha upabhasha aru lipi/ _ced. by Jyotirekha Hazarika |
||
| 250 | _a1st ed. | ||
| 260 |
_aDibrugarh: _bBanalata, _c2023. |
||
| 300 | _a290p. | ||
| 650 | _aAssamese language, sub language and script | ||
| 700 |
_aHazarika, Jyotirekha _eEditor |
||
| 700 |
_aChutia, Kakali _eauthor |
||
| 942 |
_2ddc _cBK |
||
| 999 |
_c12164 _d12164 |
||